[Event "AUTO-ADV-4203"]
[Site "http://www.queenalice.com/game.php?id=1589655"]
[Date "2019.11.11"]
[Round "2"]
[White "clovis"]
[Black "Brizzio"]
[Result "1-0"]
[WhiteElo "1954"]
[BlackElo "1970"]

1. e4 c5 2. Nf3 Nc6 3. Bb5 d6 4. O-O e5 5. c3 a6 6. Bxc6+ bxc6 7. d4 Nf6 8. dxc5
Nxe4 9. Re1 Nxc5 10. Be3 Bg4 11. Bxc5 dxc5 12. Rxe5+ Be7 13. Qe2 Ra7 14. Nbd2
O-O 15. Re1 Bd6 16. Re4 Bxf3 17. Nxf3 h6 18. Re8 Rxe8 19. Qxe8+ Qxe8 20. Rxe8+
Kh7 21. Ne5 f6 22. Nxc6 Rd7 23. Ra8 Be5 24. g3 Rd2 25. h4 Rxb2 26. Nxe5 fxe5 27.
Ra7 Rxa2 28. Rd7 Rc2 29. Rd5 Rxc3 30. Rxe5 c4 31. Ra5 Rd3 32. Rxa6 Rd5 33. Rc6
Rd4 34. Kf1 Re4 35. f3 Re3 36. Kf2 Rc3 37. g4 Rc2+ 38. Ke3 Rc3+ 39. Ke4 g6 40.
Rc7+ Kg8 41. f4 Rc1 42. Ke5 c3 43. Kf6 c2 44. Kxg6 Rg1 45. Rc8# 1-0

[Event "AUTO-ADV-4203"]
[Site "http://www.queenalice.com/game.php?id=1589656"]
[Date "2019.11.11"]
[Round "2"]
[White "Brizzio"]
[Black "clovis"]
[Result "0-1"]
[WhiteElo "1976"]
[BlackElo "1900"]

1. d4 d5 2. e3 Bf5 3. Nd2 Nf6 4. Bd3 e6 5. Ngf3 Bd6 6. Ne5 Nbd7 7. f4 Ne4 8.
Nxe4 Bxe4 9. Bxe4 dxe4 10. Nxd7 Qxd7 11. Qg4 O-O-O 12. Bd2 f6 13. c4 c5 14. b3
cxd4 15. exd4 Rhe8 16. O-O e5 17. Qxd7+ Rxd7 18. fxe5 fxe5 19. dxe5 Bc5+ 20. Kh1
Rxd2 21. Rfe1 e3 22. g3 Rxe5 23. Rad1 Rxa2 24. Rd3 e2 25. Kg2 Bb4 26. Rc1 e1=Q+
0-1

[Event "Challenge"]
[Site "http://www.queenalice.com/game.php?id=1591377"]
[Date "2019.11.27"]
[Round "-"]
[White "Paulojunior76"]
[Black "Brizzio"]
[Result "1-0"]
[WhiteElo "1081"]
[BlackElo "2037"]

1. e4 e5 2. Nf3 Nc6 3. d3 Bc5 4. g3 d6 5. Bg2 Be6 6. Qe2 Nd4 7. Nxd4 Bxd4 8. f4
Ne7 9. f5 Bd7 10. Nd2 c5 11. Nc4 Bb5 12. Be3 Bxe3 13. Qxe3 Bxc4 14. dxc4 f6 15.
Rd1 Qa5+ 16. Qd2 Qxd2+ 17. Rxd2 O-O-O 18. O-O Nc6 19. c3 Na5 20. b3 h5 21. h4
Rdg8 22. Rxd6 Rd8 23. Rfd1 Rxd6 24. Rxd6 Kc7 25. Rd5 b6 26. Bf1 Rd8 27. b4 Nxc4
28. Rxd8 Kxd8 29. Bxc4 cxb4 30. cxb4 Kc7 31. Bf7 Kc6 32. Bxh5 a5 33. bxa5 bxa5
34. Kf2 Kc5 35. Ke3 Kc4 36. a4 Kb4 37. Be8 Kc5 38. Kf3 Kd6 39. g4 Ke7 40. Bg6
Kf8 41. g5 fxg5 42. hxg5 Ke7 43. Ke3 Kd7 44. Kd3 Kd6 45. Kc4 Kc6 46. f6 gxf6 47.
gxf6 Kd7 48. Kd5 Kd8 49. f7 Ke7 50. Kc5 Kf8 51. Kb5 Kg7 52. Kxa5 1-0

[Event "AUTO-ADV-4227"]
[Site "http://www.queenalice.com/game.php?id=1594952"]
[Date "2020.1.2"]
[Round "2"]
[White "chessman"]
[Black "Brizzio"]
[Result "0-1"]
[WhiteElo "1964"]
[BlackElo "2021"]

1. e4 e5 2. f3 Nf6 3. Ne2 Bc5 4. c3 d6 5. d4 exd4 6. cxd4 Bb4+ 7. Bd2 Bxd2+ 8.
Qxd2 Nc6 9. Nbc3 O-O 10. O-O-O a5 11. h4 a4 12. h5 h6 13. g4 g5 14. Ng3 a3 15.
b3 Nb4 16. Kb1 c6 17. e5 dxe5 18. dxe5 Nfd5 19. Nxd5 Nxd5 20. Bc4 Be6 21. Nf5 b5
22. Bd3 Bxf5 23. Bxf5 Qa5 24. Qxa5 Rxa5 25. Rde1 Nc3+ 26. Kc2 b4 27. Ra1 Rxe5
28. Be4 Nxe4 29. fxe4 Rxe4 30. Rhg1 Rfe8 31. Rad1 Re2+ 32. Rd2 c5 33. Kd3 R8e3+
34. Kc2 Rc3+ 35. Kd1 Ree3 36. Rd6 Rcd3+ 37. Rxd3 Rxd3+ 38. Kc2 Rc3+ 39. Kd2 Kg7
40. Kd1 Rd3+ 41. Kc2 Rf3 42. Rg2 f5 43. gxf5 Rxf5 44. Kd3 Rf4 45. Rh2 Rh4 46.
Rc2 Rxh5 47. Rxc5 Rh2 0-1

[Event "AUTO-ADV-4227"]
[Site "http://www.queenalice.com/game.php?id=1594953"]
[Date "2020.1.2"]
[Round "2"]
[White "Brizzio"]
[Black "chessman"]
[Result "1/2-1/2"]
[WhiteElo "2009"]
[BlackElo "1960"]

1. e4 e6 2. d4 d5 3. e5 c5 4. c3 cxd4 5. cxd4 Nc6 6. Nf3 Nge7 7. Bd3 Ng6 8. Nc3
Qb6 9. Bc2 Bb4 10. O-O Bd7 11. a3 Bxc3 12. bxc3 Rc8 13. Rb1 Qc7 14. Qd3 Na5 15.
Bd2 Nc4 16. Bc1 b5 17. Bb3 O-O 18. h4 Rfd8 19. g3 a5 20. h5 Nf8 21. Ng5 h6 22.
Nxf7 Kxf7 23. Qf3+ Kg8 24. Qg4 Kh8 25. f4 Nh7 26. Bc2 Be8 27. Qxe6 Qf7 28. Qxf7
Bxf7 29. Rxb5 Bxh5 30. Bd3 Bf7 31. Bxc4 Rxc4 32. Bd2 a4 33. Rfb1 Bg6 34. R1b2
Be4 35. R2b4 Rxb4 36. Rxb4 Bc2 37. Kf2 Nf8 38. c4 dxc4 39. Rxc4 Bb3 40. Rb4 Rc8
41. Ke3 Re8 42. Rb7 Rd8 43. Bb4 Ne6 44. Bd6 Rc8 45. Rb8 Rxb8 46. Bxb8 Bd5 47. f5
Ng5 48. g4 Kg8 49. Kf4 Kf7 50. e6+ Nxe6+ 51. fxe6+ Kxe6 52. Be5 g6 53. Bg7 h5
54. gxh5 gxh5 55. Be5 Bc4 56. Kg5 Be2 57. Bf6 h4 58. Be5 h3 59. Kh4 Bg4 60. Kg3
Bf5 61. Kh2 Kd5 62. Kg3 Kc4 63. Kh2 1/2-1/2

[Event "AUTO-ADV-4218"]
[Site "http://www.queenalice.com/game.php?id=1595563"]
[Date "2020.1.8"]
[Round "2"]
[White "Brizzio"]
[Black "Daniel1962"]
[Result "1-0"]
[WhiteElo "1939"]
[BlackElo "1822"]

1. e4 e5 2. Nf3 d6 3. Bc4 Nf6 4. d3 Bg4 5. h3 Bxf3 6. Qxf3 c5 7. Nc3 Nc6 8. Bg5
Be7 9. Nd5 Qa5+ 10. c3 Nd4 11. Qd1 Nxd5 12. Bxe7 Nxe7 13. b4 cxb4 14. cxd4 exd4
15. O-O O-O 16. f4 b5 17. Bb3 Rac8 18. f5 Qb6 19. Qh5 Rc3 20. Rf3 Nc6 21. f6 g6
22. Qh6 1-0

[Event "AUTO-ADV-4218"]
[Site "http://www.queenalice.com/game.php?id=1595564"]
[Date "2020.1.8"]
[Round "2"]
[White "Daniel1962"]
[Black "Brizzio"]
[Result "0-1"]
[WhiteElo "1726"]
[BlackElo "1950"]

1. d4 d5 2. Nc3 Nf6 3. Bf4 e6 4. Nf3 c5 5. dxc5 Bxc5 6. Ne5 Qe7 7. e3 Nc6 8.
Nxc6 bxc6 9. Bd3 a5 10. a4 Ba6 11. Bxa6 Rxa6 12. O-O Bd6 13. Qd3 Rb6 14. b3 O-O
15. f3 Bxf4 16. exf4 Qd6 17. Ne4 Qxf4 18. Nc5 h6 19. c3 Rfb8 20. Rab1 Qd6 21.
Ne4 Nxe4 22. fxe4 Rxb3 23. Rxb3 Rxb3 24. Qf3 Qc5+ 25. Kh1 Rxc3 26. Qxf7+ Kh7 27.
Qxe6 Rc1 28. Qf5+ Kh8 29. h3 Rxf1+ 30. Qxf1 dxe4 31. Qe2 Qc1+ 32. Kh2 e3 33. Kg3
Qa3 34. Kf3 Qxa4 35. Qxe3 Qb4 36. Qe8+ Kh7 37. Qxc6 a4 38. Qc2+ Kg8 39. g4 Qb3+
40. Qxb3+ axb3 41. Kf4 b2 42. g5 b1=Q 43. gxh6 gxh6 44. Kg4 Qe4+ 45. Kh5 Qe3 46.
Kh4 Qg5# 0-1

[Event "AUTO-ADV-4218"]
[Site "http://www.queenalice.com/game.php?id=1595565"]
[Date "2020.1.8"]
[Round "2"]
[White "Brizzio"]
[Black "bouley"]
[Result "1-0"]
[WhiteElo "1957"]
[BlackElo "1916"]

1. d4 Nf6 2. Nc3 d5 3. Bf4 c6 4. Nf3 Bg4 5. h3 Bxf3 6. gxf3 Nbd7 7. Qd3 b5 8. e4
e6 9. e5 Nh5 10. Be3 f5 11. f4 Be7 12. Be2 g6 13. Bxh5 gxh5 14. Rg1 Bf8 15.
O-O-O Qe7 16. Qe2 Qh4 17. Qf3 Bh6 18. Qg3 Qe7 19. Qf3 O-O-O 20. Qxh5 Bg7 21. Rg3
Nb6 22. Rdg1 Bf8 23. Rg8 Rxg8 24. Rxg8 Nc4 25. Qg5 Qxg5 26. fxg5 Nxe3 27. Ne2
Ng2 28. c3 Nh4 29. Nf4 Kd7 30. Rh8 Nf3 31. Rxh7+ Kc8 32. Nxe6 Re8 33. Nxf8 Rxf8
34. Rxa7 Kb8 35. Rg7 c5 36. g6 cxd4 37. Rf7 1-0

[Event "AUTO-ADV-4218"]
[Site "http://www.queenalice.com/game.php?id=1595566"]
[Date "2020.1.8"]
[Round "2"]
[White "bouley"]
[Black "Brizzio"]
[Result "1-0"]
[WhiteElo "2011"]
[BlackElo "1953"]

1. e4 e5 2. f4 d6 3. Nf3 Nf6 4. Nc3 Be6 5. fxe5 dxe5 6. Nxe5 Bd6 7. Nf3 Nfd7 8.
Be2 O-O 9. d4 Bb4 10. Bd2 c6 11. O-O Nf6 12. e5 Bxc3 13. Bxc3 Nd5 14. Bd2 Nd7
15. c4 N5b6 16. Qc2 f6 17. exf6 Rxf6 18. Ng5 Qe7 19. Qxh7+ Kf8 20. Qh8+ Bg8 21.
Nh7+ Kf7 22. Bh5+ g6 23. Nxf6 Nxf6 24. Rae1 Qd6 25. Bd1 Qxd4+ 26. Be3 Qxc4 27.
Qxf6+ 1-0

[Event "AUTO-ADV-4154"]
[Site "http://www.queenalice.com/game.php?id=1603689"]
[Date "2020.3.22"]
[Round "2"]
[White "Asspain"]
[Black "Brizzio"]
[Result "1-0"]
[WhiteElo "2138"]
[BlackElo "1962"]

1. e4 e5 2. Nf3 d6 3. d4 exd4 4. Nxd4 Nf6 5. Nc3 Nc6 6. Nxc6 bxc6 7. Be2 Be6 8.
O-O Be7 9. Be3 O-O 10. b3 a6 11. f4 d5 12. e5 Ne4 13. Nxe4 dxe4 14. Qxd8 Rfxd8
15. Rad1 a5 16. g4 f5 17. gxf5 Bxf5 18. Bc4+ Kh8 19. Be2 Bh4 20. Kg2 h6 21. h3
Rxd1 22. Rxd1 Rd8 23. Rxd8+ Bxd8 24. Bd2 Kg8 25. Bxa5 Kf7 26. Bb4 Be6 27. a4 Be7
28. Bxe7 Kxe7 29. Bg4 Bf7 30. a5 c5 31. c4 Kd8 32. Kf2 c6 33. Bf5 Kc7 34. Bxe4
Kb7 35. Bf5 Ka6 36. Bd7 Kxa5 37. e6 Bxe6 38. Bxe6 Kb4 39. Ke3 Kxb3 40. Ke4 Kc3
41. Kf5 Kd4 42. Kg6 Ke4 43. f5 Ke5 44. Kxg7 h5 45. f6 Kxe6 46. f7 Ke5 47. f8=Q
Kd4 48. Qf4+ Kc3 49. Kf7 Kb4 50. Ke6 h4 51. Kd6 Kc3 52. Kxc5 Kb3 53. Qd2 Ka3 54.
Qb4+ Ka2 55. Kd4 Ka1 56. Kc3 c5 57. Qb2# 1-0

[Event "AUTO-ADV-4154"]
[Site "http://www.queenalice.com/game.php?id=1603690"]
[Date "2020.3.22"]
[Round "2"]
[White "Brizzio"]
[Black "Asspain"]
[Result "0-1"]
[WhiteElo "2007"]
[BlackElo "2177"]

1. d4 Nf6 2. Nc3 d5 3. e3 c6 4. Nf3 Bg4 5. h3 Bxf3 6. Qxf3 Nbd7 7. Bd3 e5 8.
dxe5 Nxe5 9. Qe2 Bb4 10. a3 Bd6 11. f4 Nxd3+ 12. cxd3 Qc7 13. O-O O-O 14. b4
Rae8 15. Qf3 a5 16. bxa5 Qxa5 17. Bd2 Qa7 18. Bc1 Re7 19. Re1 Rfe8 20. Bd2 d4
21. exd4 Qxd4+ 22. Kh1 Rxe1+ 23. Rxe1 Rxe1+ 24. Bxe1 Qxf4 25. Qxf4 Bxf4 26. Na4
b5 27. Nc5 Bd6 28. Bb4 Nd5 29. Kg1 Nxb4 30. axb4 Bxc5+ 31. bxc5 b4 32. Kf1 b3
33. Ke2 b2 34. Kd2 b1=Q 35. Ke3 Qb3 36. g4 Qd5 37. Kd2 Qxc5 38. Ke2 f6 39. Kd2
Kf7 40. Ke2 Ke6 41. Kd2 Ke5 42. Ke2 Kd4 43. Kd2 Qd5 44. Ke2 Qg2+ 45. Kd1 Kxd3
46. Kc1 Qc2# 0-1

[Event "AUTO-ADV-4154"]
[Site "http://www.queenalice.com/game.php?id=1603691"]
[Date "2020.3.22"]
[Round "2"]
[White "diegem"]
[Black "Brizzio"]
[Result "1-0"]
[WhiteElo "1954"]
[BlackElo "1935"]

1. e4 e5 2. Nf3 d6 3. Nc3 Be6 4. Be2 f5 5. d3 f4 6. O-O g5 7. h3 h5 8. Nh2 Nf6
9. Nf3 g4 10. hxg4 hxg4 11. Ng5 Qd7 12. Nxe6 Qxe6 13. Nb5 Kd7 14. Nc3 Na6 15.
Nd5 1-0

[Event "AUTO-ADV-4154"]
[Site "http://www.queenalice.com/game.php?id=1603692"]
[Date "2020.3.22"]
[Round "2"]
[White "Brizzio"]
[Black "diegem"]
[Result "0-1"]
[WhiteElo "1952"]
[BlackElo "1937"]

1. e4 e5 2. Nf3 Nc6 3. Bc4 h6 4. Nc3 Nf6 5. d3 Bb4 6. Be3 O-O 7. a3 Bxc3+ 8.
bxc3 d6 9. Nh4 Nxe4 10. dxe4 Qxh4 11. Rb1 Qxe4 12. Bd5 Qf5 13. O-O Ne7 14. Bc4
Qg4 15. Qd2 Qxc4 0-1

[Event "AUTO-OPEN-4151"]
[Site "http://www.queenalice.com/game.php?id=1604271"]
[Date "2020.3.26"]
[Round "1"]
[White "Brizzio"]
[Black "junipero"]
[Result "0-1"]
[WhiteElo "1979"]
[BlackElo "1945"]

1. e4 c5 2. Nf3 Nc6 3. d4 cxd4 4. Nxd4 e5 5. Nf3 d6 6. Be3 Nf6 7. Bc4 h6 8. Nc3
Bg4 9. h3 Bh5 10. g4 Bg6 11. Nd2 Be7 12. f3 a6 13. Nb3 b5 14. Bd3 O-O 15. h4 d5
16. exd5 Nxd5 17. Bc5 Nxc3 18. bxc3 Bxh4+ 19. Ke2 Re8 20. Bxg6 fxg6 21. Qxd8
Bxd8 22. Rad1 g5 23. Rd6 Rc8 24. Rhd1 Be7 25. R6d3 Bxc5 26. Nxc5 a5 27. Ne4 Rb8
28. Rd7 b4 29. Rc7 Rbc8 30. Rxc8 Rxc8 31. Rd5 bxc3 32. Kd1 Nd4 33. Rxe5 Nxf3 34.
Rxa5 Rd8+ 35. Kc1 Rc8 36. Ra3 Nd4 37. Kd1 Nb5 38. Rb3 Rd8+ 39. Kc1 Ra8 40. Nxc3
Nxc3 0-1

[Event "AUTO-OPEN-4151"]
[Site "http://www.queenalice.com/game.php?id=1604272"]
[Date "2020.3.26"]
[Round "1"]
[White "junipero"]
[Black "Brizzio"]
[Result "1-0"]
[WhiteElo "1926"]
[BlackElo "1998"]

1. d4 d5 2. c4 c6 3. Nc3 Bf5 4. e3 Nf6 5. Nf3 e6 6. a3 Ne4 7. cxd5 exd5 8. h3
Bd6 9. Bd3 O-O 10. O-O Nd7 11. Qc2 Ndf6 12. b4 Qd7 13. Ne5 Bxe5 14. dxe5 Ne8 15.
Nxe4 dxe4 16. Bxe4 Bxe4 17. Qxe4 Rd8 18. Bb2 Nc7 19. Rfd1 Qe6 20. Bd4 Nb5 21. a4
Nxd4 22. exd4 Rd7 23. b5 Rfd8 24. bxc6 bxc6 25. Rac1 f5 26. Qxc6 Qxc6 27. Rxc6
Rxd4 28. Rxd4 Rxd4 29. Ra6 Rd7 30. a5 Re7 31. e6 g6 32. Rd6 Kg7 33. f4 Kf6 34.
Kf2 Rxe6 35. Rd5 a6 36. g4 fxg4 37. hxg4 Rc6 38. g5+ Ke6 39. Re5+ Kd6 40. Ke3
Rc5 41. Kd4 Rc1 42. Re3 1-0

[Event "AUTO-OPEN-4151"]
[Site "http://www.queenalice.com/game.php?id=1604273"]
[Date "2020.3.26"]
[Round "1"]
[White "Brizzio"]
[Black "sabinobh"]
[Result "0-1"]
[WhiteElo "2009"]
[BlackElo "1261"]

1. d4 d5 2. e3 Nf6 3. c4 e6 4. cxd5 exd5 5. Nc3 Bd6 6. Nf3 O-O 7. Bd3 c6 8. h4
Bg4 9. Qb3 Qb6 10. Bd2 Nbd7 11. Na4 Qc7 12. O-O-O b5 13. Nc3 a5 14. a4 b4 15.
Ne2 c5 16. dxc5 Nxc5 17. Qa2 b3 18. Qa3 Nxd3+ 19. Kb1 Qc2+ 20. Ka1 Bxa3 0-1

[Event "AUTO-OPEN-4151"]
[Site "http://www.queenalice.com/game.php?id=1604274"]
[Date "2020.3.26"]
[Round "1"]
[White "sabinobh"]
[Black "Brizzio"]
[Result "1-0"]
[WhiteElo "1261"]
[BlackElo "2007"]

1. d4 d5 2. c4 dxc4 3. Nf3 Bf5 4. Nc3 e6 5. e4 Bg6 6. Bxc4 Bb4 7. Qa4+ c6 8.
Qxb4 Qc7 9. a4 a5 10. Qb3 Nf6 11. e5 Nd5 12. Nxd5 exd5 13. Bd3 Nd7 14. Bxg6 hxg6
15. Be3 O-O-O 16. O-O-O Nb6 17. Ng5 Rh5 18. e6 Qe7 19. Nxf7 Rf8 20. Qxb6 Qxe6
21. Ne5 Rfh8 22. h3 Qf5 23. g4 Qf3 24. Nxf3 1-0

[Event "AUTO-OPEN-4151"]
[Site "http://www.queenalice.com/game.php?id=1604275"]
[Date "2020.3.26"]
[Round "1"]
[White "Brizzio"]
[Black "dan2015"]
[Result "1-0"]
[WhiteElo "2007"]
[BlackElo "1475"]

1. d4 d5 2. Nf3 f6 3. e3 Nc6 4. c4 Be6 5. cxd5 Bxd5 6. Nc3 e6 7. Nxd5 exd5 8. a3
g5 9. h3 h5 10. Bd3 Nb8 11. Qb3 b6 12. Bg6+ Kd7 13. Qxd5+ Bd6 14. Qf5+ Kc6 15.
d5+ Kb7 16. Qc2 Ne7 17. Bd3 Nxd5 18. b4 a5 19. bxa5 Rxa5 20. Bd2 Rc5 21. Qb3 c6
22. Rb1 b5 23. a4 Nd7 24. axb5 Rxb5 25. Bxb5 cxb5 26. Qxb5+ N7b6 27. Nd4 1-0

[Event "AUTO-OPEN-4151"]
[Site "http://www.queenalice.com/game.php?id=1604276"]
[Date "2020.3.26"]
[Round "1"]
[White "dan2015"]
[Black "Brizzio"]
[Result "0-1"]
[WhiteElo "1437"]
[BlackElo "2035"]

1. e4 e5 2. Nf3 Nc6 3. Nc3 Bc5 4. d3 d6 5. Qe2 Nf6 6. Bg5 h6 7. Be3 Nd4 8. Nxd4
exd4 9. e5 dxe3 10. exf6 Qxf6 11. fxe3 O-O 12. Ne4 Qxb2 13. Rd1 Bb4+ 14. Kf2 Qe5
15. g3 h5 16. h4 Bg4 0-1

[Event "Los Hermanos "]
[Site "http://www.queenalice.com/game.php?id=1612194"]
[Date "2020.5.14"]
[Round "-"]
[White "bobifixer"]
[Black "Brizzio"]
[Result "1-0"]
[WhiteElo "1967"]
[BlackElo "1968"]

1. Nf3 d5 2. d4 Bf5 3. g3 e6 4. Bg2 Nf6 5. O-O Nc6 6. c3 Bd6 7. Bg5 h6 8. Bxf6
Qxf6 9. Nbd2 g5 10. Qb3 b6 11. Rfe1 O-O-O 12. e4 dxe4 13. Nxe4 Bxe4 14. Rxe4
Rde8 15. Rae1 1-0